000 00604nam a22001937a 4500
080 _a341 D 444
100 _aRey Caro, Ernesto J.
245 _aDerecho Internacional Ambiental
_bnuevas tendencias
260 _aCordoba
_bMarcos Lerner
_c1998
300 _a217 p.
650 _xderecho ambiental
_xderecho internacional
_xresponsabilidad internacional
_xuso de energia
700 _aFlores, Maria del Lujan
700 _aMarcionni, Nelson Daniel
700 _aRodriguez, Maria Cristina
700 _aSalas, Graciela R.
700 _aDrns de Clement, Zlata
945 _asa
_d2014-11-14
999 _c2703
_d233207
942 _6_